000 00792nam a2200313Ia 4500
001 6868
005 20240113233945.0
007 ta
008 050701s1977 a g b000 u eng u
020 _a0-07-085464-5
040 _aCotton College,Asssa
041 _aeng
082 _a330.51
_bMa 26 Ec
100 _aMaddala, G. S..
245 0 _aEconometrics /
_cG. S. Maddala.
_hTextual Documents
250 _a1st ed. /
260 _aLondon :
_bMcGraw - Hill book company ,
_c1977.
300 _aix, 516p. :
_bill. ;
_c22cm .
504 _aIndex
653 _aEconomics-Econometrics
653 _aEconometrics
653 _aPG-Economics
653 _aMS-Economics
942 _2ddc
_cBK
999 _c6855
_d6855